Statistics for Biggest/Highest Country By...

Click here to take the quiz!

General Stats

  • This quiz has been taken 48 times
  • The average score is 10 of 24

Answer Stats

TopicAnswer% Correct
PopulationChina
100%
SizeRussia
100%
ImportsUnited States
88%
Biggest City PopulationChina
80%
CoastlineCanada
78%
Highest pointChina/Nepal
76%
TourismFrance
71%
Life ExpectancyJapan
61%
HappinessNorway
56%
Oil ProductionRussia
51%
Birth RateNiger
29%
Natural Gas ProductionUnited States
29%
Intenet Connection SpeedsSouth Korea
24%
Citrus ProductionBrazil
22%
Average IncomeLuxembourg
22%
Median AgeMonaco
22%
ApricotTurkey
17%
GNIQatar
10%
Uranium ProductionKazakhstan
7%
Job SecuritySwitzerland
7%
Consultation on Rule-MakingUnited Kingdom
7%
Unemployment rateZimbabwe
7%
EducationAustralia
5%
VanillaMadagascar
5%

Score Distribution

Percentile by Number Answered

Percent of People with Each Score

Your Score History

You have not taken this quiz